Statystyki dla kolonialne imperia (dla geomexa)

Kliknij tutaj aby rozwiązać quiz!

Ogólne statystyki

  • Ten quiz został rozwiązany 160 razy
  • Średni wynik to 8 z 9

Statystyki odpowiedzi

wielkośćnazwa% Poprawnych
2,391,118 km²belgijskie imperium
100%
35,800,000 km²brytyjskie imperium
100%
13,500,000 km²francuskie
imperium
100%
13,700,000 km²hiszpańskie
imperium
100%
2,573,625 km²holenderskie
imperium
100%
10,400,000 km²portugalskie
imperium
100%
3,116,171 km²duńskie imperium
99%
2,500,000 km²niemieckie
imperium
99%
666 405 km²włoskie imperium
kolonialne
11%

Rozkład punktacji

Percentyl według liczby udzielonych odpowiedzi

Procent ludzi z każdym wynikiem

Twoja historia wyników

Nie rozwiązałeś tego quizu